MARC

LEADER 00000nam0a2200000 4500
001 292214
005 20231102000455.0
035 |a (RuTPU)RU\TPU\book\316829 
090 |a 292214 
100 |a 20150421d1983 km y0rusy50 ca 
101 0 |a rus 
102 |a RU 
105 |a a z 001zy 
200 1 |a Вопросы прикладной аэрогидромеханики и тепломассообмена  |f под ред. В. А. Шваба, М. И. Шиляева 
210 |a Томск  |c Изд-во Томского ун-та  |d 1983 
215 |a 119 с.  |c ил. 
320 |a Библиография в конце статей 
606 1 |a Гидромеханика  |2 stltpush  |3 (RuTPU)RU\TPU\subj\6772  |9 34575 
606 1 |a Теплообмен  |x Физика  |2 stltpush  |3 (RuTPU)RU\TPU\subj\59756  |9 77255 
610 1 |a аэрогидромеханика 
610 1 |a тепломассообмен 
610 1 |a прикладные методы 
610 1 |a турбулентность 
610 1 |a турбулентные течения 
610 1 |a ротационные пылеотделители 
610 1 |a сепарация 
610 1 |a ньютоновские жидкости 
610 1 |a реологические модели 
610 1 |a двухфазные потоки 
610 1 |a пылегазовые смеси 
610 1 |a воспламенение 
675 |a 532  |v 3 
675 |a 536.24  |v 3 
702 1 |a Шваб  |b В. А.  |4 340 
702 1 |a Шиляев  |b М. И.  |4 340 
801 1 |a RU  |b 63413507  |c 20150421 
801 2 |a RU  |b 63413507  |c 20181011  |g RCR 
942 |c BK